Catálogo
 En Linea

Grandes catástrofes de la historia : (Registro nro. 18830)

Detalles MARC
000 -CABECERA
campo de control de longitud fija 00994nam a2200241 a 4500
001 - NÚMERO DE CONTROL
campo de control 000019312
005 - FECHA Y HORA DE LA ÚLTIMA TRANSACCIÓN
campo de control 20250429114229.0
008 - DATOS DE LONGITUD FIJA--INFORMACIÓN GENERAL
campo de control de longitud fija 100601s2007 sp a 000 0 spa d
020 ## - NÚMERO INTERNACIONAL ESTÁNDAR DEL LIBRO
Número Internacional Estándar del Libro 9781407506258
040 ## - FUENTE DE LA CATALOGACIÓN
Centro catalogador/agencia de origen DO-SdBNP
Lengua de catalogación spa
Centro/agencia transcriptor BNPHU
082 ## - NÚMERO DE LA CLASIFICACIÓN DECIMAL DEWEY
Número de clasificación 904
Número de documento/Ítem G341
049 ## - FONDOS LOCALES (OCLC)
Fondos de biblioteca BNPD
100 1# - ENTRADA PRINCIPAL--NOMBRE DE PERSONA
Nombre de persona Genzmer, Herbert
9 (RLIN) 41537
245 10 - MENCIÓN DE TÍTULO
Título Grandes catástrofes de la historia :
Resto del título desde desastres naturales hasta guerras y ataques terroristas, sin olvidar algunas desgracias derivadas de los avances tecnológicos /
Mención de responsabilidad, etc. Herbert Genzmer, Sybille Krshner, Christian Schütz.
260 ## - PUBLICACIÓN, DISTRIBUCIÓN, ETC.
Lugar de publicación, distribución, etc. Barcelona, :
Nombre del editor, distribuidor, etc. Parragon,
Fecha de publicación, distribución, etc. 2007.
300 ## - DESCRIPCIÓN FÍSICA
Extensión 319 p. :
Otras características físicas il. ;
Dimensiones 30 cm.
500 ## - NOTA GENERAL
Nota general Incluye datos biográficos de los autores en la solapa de contracubierta
500 ## - NOTA GENERAL
Nota general Incluye índice alfabético
504 ## - NOTA DE BIBLIOGRAFÍA, ETC.
Nota de bibliografía, etc. Incluye referencias bibliográficas ( p. 314 )
650 #0 - PUNTO DE ACCESO ADICIONAL DE MATERIA--TÉRMINO DE MATERIA
Término de materia o nombre geográfico como elemento de entrada Desastres
9 (RLIN) 41538
650 #4 - PUNTO DE ACCESO ADICIONAL DE MATERIA--TÉRMINO DE MATERIA
Término de materia o nombre geográfico como elemento de entrada Desastres naturales
Subdivisión general Historia
9 (RLIN) 41539
650 #4 - PUNTO DE ACCESO ADICIONAL DE MATERIA--TÉRMINO DE MATERIA
Término de materia o nombre geográfico como elemento de entrada Desastres provocados por el hombre
Subdivisión general Historia
9 (RLIN) 41540
Existencias
Estado de retiro Estado de pérdida Restricciones de uso No para préstamo Código de colección Localización permanente Ubicación/localización actual Ubicación en estantería Fecha de adquisición Número de inventario Total de préstamos Signatura topográfica completa Código de barras Fecha visto por última vez Precio válido a partir de Tipo de ítem Koha
      Excluido de préstamo Monografías: Libros y Folletos Patrimonio Dominicano Patrimonio Dominicano En catalogación 25.06.2010 LF1   904 G341 19312-10 25.06.2020 25.06.2020 No se presta

Con tecnología Koha